000 00352nam a2200145Ia 4500
008 210716s2018 xx 000 0 und d
020 _a9788126575817
041 _aeng
082 _a153.94 ACTR
245 _aACT reading grail 2019.
250 _a1
260 _aNew Delhi
_bWiley India Pvt Ltd
_c2018
300 _aix,256
650 _aAptitude Test
999 _c197075
_d197075